Normal view
MARC view
Entry Personal Name
001 - CONTROL NUMBER
- control field: 64640
003 - CONTROL NUMBER IDENTIFIER
- control field: dpl
005 - DATE AND TIME OF LATEST TRANSACTION
- control field: 20240410164135.0
008 - FIXED-LENGTH DATA ELEMENTS
- fixed length control field: 240410|| aca||aabn | a|a d
040 ## - CATALOGING SOURCE
- Original cataloging agency: dpl
- Transcribing agency: dpl
100 ## - HEADING--PERSONAL NAME
- Personal name: Venkataraman , Rama
670 ## - SOURCE DATA FOUND
- Source citation: Work cat.: (dpl)202119: Venkataraman , Rama, The Energy Pathways in Our Body/, 1996
